Paroles Saint Claude - Statistiques

Statistiques générales
  • Ce quiz a été pris 116 fois
  • Le résultat moyen est 122 sur 265
Statistiques - réponses
Réponse % Correct
je
87%
Je
87%
la
83%
La
83%
Le
81%
de
79%
à
78%
me
78%
se
78%
so
74%
station
74%
my
73%
que
73%
dès
71%
qui
69%
les
68%
ne
68%
par
68%
tu
68%
Tu
68%
tout
66%
Tout
66%
ta
61%
Un
61%
un
61%
comme
60%
Il
60%
et
57%
Et
57%
est
56%
saccadé
56%
Souffle
56%
you
56%
tes
55%
décide
52%
deviner
52%
laisse
52%
cide
49%
mes
49%
qu'à
49%
au
48%
pour
48%
Pour
48%
sont
48%
défiguré
47%
Here's
47%
manche
47%
vides
47%
voilà
47%
mains
45%
with
45%
if
44%
plait
44%
tatoué
43%
moitié
42%
say
42%
stay
42%
Ton
42%
craie
40%
just
40%
Maquillé
40%
livides
39%
sourit
39%
But
38%
poignets
38%
one
36%
word
36%
I'll
35%
seul
35%
belle
34%
certitude
34%
cette
34%
dehors
34%
détonne
34%
lion
34%
solitudes
34%
jamais
32%
are
31%
l'orage
31%
s'annonce
31%
s'ra
31%
attitude
30%
bien
30%
destin
30%
fils
30%
immenses
30%
trois
30%
aux
29%
Toi
29%
ville
29%
We
29%
collier
27%
loin
27%
plus
27%
visage
27%
bord
26%
dévoré
26%
lonely
26%
portrait
26%
regardes
26%
respires
26%
sais
26%
d'autres
25%
pires
25%
rien
25%
entier
23%
morte
23%
poignée
23%
violences
23%
douleur
22%
fidèle
22%
l'impatience
22%
renoncent
21%
seras
21%
tenaces
21%
faudrait
19%
j'espère
19%
l'audace
19%
opèrent
19%
qu'une
19%
alors
18%
d'odeurs
18%
enfers
18%
J'emporte
18%
deux
17%
descends
16%
gardes
16%
portes
16%
n'offre
14%
D'ordinaire
9%
Aucun quiz correspondant
Distribution des résultats
% des personnes avec chaque résultat
Percentile par nombre de réponses
Votre historique - résultats
Vous n’avez pas pris ce quiz